00939nam a22002297a 450000500170000000800410001702000150005802000150007305000200008810000340010824000320014224501370017425000110031126000540032230000620037650000710043850000320050950000450054165000290058670000460061570000480066120230522093249.0110405t mx ||||| |||| 00| 0 spa d a9688805300 a013501115904aTS156bB47 19951 aBesterfield, Dale H., eautor10aQuality control.lEspañol10aControl de calidad c / Dale H. Besterfield ; traducción Raúl Bautista Gutiérrez ; revisión técnica Guillermo Haaz Díaz. a1a ed. aMéxico :bPrentice Hall Hispanoamericana,c1995 axii, 508 p. :bil. ;c23 cm.eIncluye diskette de 3 1/2 " a1a edición en español traducido de la 4a edición en inglés aBibliografía : p. 483-484 aIncluye apéndice, glosario e índice  72lembaControl de calidad1 aBautista Gutiérrez, Raúl, etraductor1 aHaaz Díaz, Guillermo, erevisor técnico